| 000 | 01196nam a2200337 i 4500 | ||
|---|---|---|---|
| 003 | EG-GICUC | ||
| 005 | 20260507201405.0 | ||
| 008 | 260507s1990 fr ||||fr|||| 00| 0 fre d | ||
| 040 |
_aEG-GiCUC _bfre _cEG-GiCUC _dEG-GiCUC _eRda |
||
| 041 | _afre | ||
| 082 | 0 | 4 |
_221 _a345.3232 _bCO.S |
| 092 | 0 | 4 | _221 |
| 099 | _aLaw1 07 345.3232 CO.S 1990 | ||
| 100 | 1 |
_a Condovasaintis , Théodore _eAuteur |
|
| 245 |
_aLe Secteur Public Industriel Et Commercial : _bDroit Français Et Droit Communautaire De La Concurrence / _cThéodore Condovasaintis . |
||
| 264 |
_aParis : _bLibrairie générale de droit et de jurisprudence , _c1990 . |
||
| 300 |
_a303 page ; _c 24 cm. |
||
| 336 |
_2rda contenu _a texte |
||
| 337 |
_2rda medias _aOrdinateur |
||
| 338 |
_2 transporteur rda _a Ressource en ligne |
||
| 490 |
_aBIBLIOTHÈQUE DE DROIT PRIVÉ _vVol.210 |
||
| 546 | _aTexte en français | ||
| 650 | 1 | _aAdministrative law | |
| 650 | 1 | _aEconomic public facilities | |
| 651 | 1 | _2qrmak | |
| 700 | 1 |
_aMichel Pédamon _ePréfacier |
|
| 700 | 1 |
_aLéonidas Georgakopoulos _eContributeur |
|
| 856 | 4 | 0 | _uhttps://fll.law.cu.edu.eg/fulltext/bks/B07-05419.pdf |
| 905 | _a60 | ||
| 942 |
_2ddc _cBK _e21 _n0 |
||
| 999 |
_c76224 _d76224 |
||